| 000 | 00850nam a22002417a 4500 | ||
|---|---|---|---|
| 001 | 3730 | ||
| 003 | FISKH | ||
| 005 | 20240425100059.0 | ||
| 008 | 240425b cb ||||| |||| 00| 0 eng d | ||
| 040 |
_aFISK _beng _cFISK _dFISK |
||
| 050 | _aPZ7.O237 | ||
| 082 | _a813.54 | ||
| 100 |
_aO'Dell Scott _d1898-1989 |
||
| 245 |
_aIsland of the blue dolphins / _cScott O'Dell |
||
| 260 |
_aNew York : _bScholastic, _c2010 |
||
| 300 |
_a177 pages : _c20 cm |
||
| 505 | _aU | ||
| 520 | _aLeft alone on a beautiful but isolated island off the coast of California, a young Indian girl spends eighteen years, not only merely surviving through her enormous courage and self-reliance, but also finding a measure of happiness in her solitary life. | ||
| 521 | 8 |
_a1000 _bLexiles |
|
| 700 | _aScott O'Dell | ||
| 942 |
_2lcc _cBK _n0 |
||
| 999 |
_c3730 _d3730 |
||